000 00605nam a2200181Ia 4500
008 090123s9999 xx 000 0 und d
082 _b15201
100 _aकेळकर भालबा
245 _aअलेक्झांडर फ्लेमिंग
250 _a1
260 _bनिर्मल प्रकाशन
300 _a48
600 _aकेळकर भालबा
630 _aअलेक्झांडर फ्लेमिंग
700 _aकेळकर भालबा
730 _aअलेक्झांडर फ्लेमिंग
942 _cBOOK
999 _c53262
_d53262